Quizzes
Events
Quiz Creation
Community
Videos
Private Events
Remove Ads
Sign In
Join for FREE
Feedback
Dark Mode
Quiz Categories
Sports
Geography
Music
Movies
Television
Just For Fun
Miscellaneous
History
Literature
Language
Science
Gaming
Entertainment
Religion
Holiday
For Kids
Quiz Lab
Recent
Popular Today
Quiz Kudos Today
Editor Picks
Curator Picks
Quizzes by...
Day
Popularity
Type
Ratings
Length
Year
Community
Subscriptions
Recent Discussions
Orange Saloon
Badges
Playlists
Quests
Create
Leaderboards
Showdown
Live 5
Trivia Bingo
Activity
Puzzle Library
Sporcle Events
Private Events
Virtual Trivia
Globe League
Become a Host
Pub Owners
SporcleCon
Opinionation
Our Games
Videos
Blog
Mobile Apps
Partnerships
Remove Ads and Go Orange
Feedback
Miscellaneous
Crossword
General Knowledge
Baby Names
Logo
Food
Cars
Numbers
Grab Bag
University
College
Popular
Company
Slogans
Restaurants
Justice
Letter
Miscellaneous
Crossword
General Knowledge
Baby Names
Logo
Food
Cars
Numbers
Grab Bag
University
College
Popular
Company
Slogans
Restaurants
Justice
Letter
Random Quiz
Search Sporcle
×
Quiz Lab
Quiz Lab
Miscellaneous
Shakespeare
Type in answers that appear in a list
Type in answers that appear in a list
Classic
Best Score? Go Orange.
Much Ado About Nothing Act III Scene I Stats
Can you name the items about Much Ado About Nothing Act III Scene I?
By
bos4evr
8m
18 Questions
359 Plays
359 Plays
359 Plays
Comments
Comments
Give Quiz Kudos
Give Quiz Kudos
-
- Ratings
hide this ad
Replay
Link that replays current quiz
Next Quiz
Link to next quiz in quiz playlist
You Got
0%
They Got
Avg Score
19%
Avg Friend Score
Upgrade to see
Score Distribution
Jump to the score distribution portion of the page
Score
0/18
Timer
08:00
0
Plays Today
Clue
Answer about Much Ado
% Correct
Tricked Beatrice (in love with Claudio)
Hero
95.8%
Who Wrote Much Ado About Nothing
William Shakespeare
84.1%
Tricked beatrice (Borrachio's lover)
Margaret
71.6%
Who are the two lovers that are being tricked into liking one another
Beatrice and Benedick
63%
Tricked Beatrice (evil lady in little mermaid)
Ursela
13.6%
color shirts we are all wearing
white
10%
In this scene Hero and her two servants, Ursula and Margaret, use _
_
_
_
to lure Beatrice into thinking Benedick likes her.
deception
4.7%
adjective used to describe this amazing sporcle game
awesome
4.7%
repeats a word or sequence of words at the beginning of clauses, used by Shakespeare to place emphasis.
Anaphora
2.8%
Clue
Answer about Much Ado
% Correct
place where we got our videos
youtube
1.9%
“sick in love”
Paradox
1.4%
common allusion Shakespeare uses
classical
1.4%
name the first two language devices used in the slide show
Similes and Metaphors
1.1%
Holy Band
Metonymy
0.8%
Beatrice's switch from prose to verse
Character switch
0.8%
Throughout the play Beatrice and Benedick cover up their love for one another by
quarrelling constantly.
0.8%
This scene fits into the action of the plot, as it is the
second part of the plan
0.6%
Shakespeare uses a _
_
_
_
_
_
in which Beatrice and Benedick fall for one another.
detective story element
0.6%
Quiz Playlist
Details
Report
Send in Message
Add To Playlist
Classic:
Type in answers that appear in a list
Last Updated: Feb 16, 2017
Quiz Scoreboard
CHALLENGE
Sign Up to Join the Scoreboard
Show All
Scores
Hide
Comments
May contain spoilers
Recently Published
Billboard Blitz: Fleetwood Mac
by CooCooCachoo
Music
15s
Presidents Visiting Landmarks
by Hejman
History
7m
An Introduction to Baseball
by treessimontrees
Sports
5m
More to Explore
Quiz From the Vault
Featured Blog Post
Where Did the Easter Bunny Come From?
hide this ad
You Might Also Like...
Tags
Shakespeare Quiz
Act
much
Nothing
scene
Today's Top Quizzes in Miscellaneous
Browse Miscellaneous
hide this ad
Today's Top Quizzes in Shakespeare
Browse Shakespeare
Top Contributed Quizzes in Miscellaneous
1
5-to-1: Fast Food
2
The JOE quick-fire general knowledge quiz: Day 174
3
The JOE quick-fire general knowledge quiz: Day 173
4
5-to-1: Cocktails
5
The JOE quick-fire general knowledge quiz: Day 172
6
Sunday Crossword: Famous Bodies of Water
7
One Thing in Common: United Kingdom II
8
The JOE quick-fire general knowledge quiz: Day 171
9
Named After an Animal - Odd One Out!
10
The JOE quick-fire quiz: Day 170
Explore More
Trending Topics
Disney
NBA
Anime
Crossword
Harry Potter
Kpop
Marvel
Song
Soccer
NFL
WWE
Country
Pokémon
The Office
Puzzle
hide this ad
More By:
bos4evr
Quiz
Plays
Rating
Category
Featured
Created
Much Ado About Nothing Act III Scene I
359
1.00
Miscellaneous
May 2, 2010
MAUS II CHAPTER I
113
2.00
Literature
Jan 23, 2011
Go to Creator's Profile
Score Distribution
Quiz Creator Spotlight
bos4evr
Follow
Send a Message
Quizzes Created
-
Created Quiz Play Count
-
More By This Creator
Popular Quizzes Today
1
Find the US States - No Outlines Minefield
2
Find the Countries of Europe - No Outlines Minefield
3
The Countries of the World
4
Find the US States
5
US States
6
Risky Map Clicking: Biggest States A-Z
7
Popular People in 1961
8
Movies - When Are They Set?
More Miscellaneous Quizzes
Click Crowds: Car Company Founders (with logos)
Quiz Lab
Trending Quizzes
Risky Map Clicking: Least Populous States A-Z
1-10 Letter G Words
1-10 Letter F Words
Risky Map Clicking: Next State Alphabetically
Risky Map Clicking: Biggest States A-Z
Recently Updated
Leaping Animals
pecheneg
Reality TV Shows (A-Z)
bhenderson79
Rickey Henderson's Hall of Fame Teammates
pecheneg
Champions League XIs: Arsenal
pecheneg
Quick Pick: Celebrities in WWE's Hall of Fame
aduchscher
A-Z Keypad Blitz II
pecheneg
Multiple Oscar Actors
pecheneg
Mystery Phrase Blitz: Oscar 'Best Actors'
pecheneg
F. Scott Fitzgerald Novels
LTH
Pick 3 Villains
ddd62291
Trending Topics
Kpop
Harry Potter
Anime
NBA
Crossword
Marvel
Disney
Pokémon
Song
WWE
Soccer
Country
NFL
Puzzle
The Office
Your Account Isn't Verified!
In order to create a playlist on Sporcle, you need to verify the email address you used during registration. Go to your
Sporcle Settings
to finish the process.
Report this User
Report this user for behavior that violates our
Community Guidelines
.
Details:
Send Report
Go to the Sporcle.com Mobile Site →
Comments